Central Library OPAC University of Rajshahi

তাইসীরুল কাশশাফ : (Record no. 40594)

MARC details
000 -LEADER
fixed length control field 01108nam a2200265 a 4500
001 - CONTROL NUMBER
control field 40594
003 - CONTROL NUMBER IDENTIFIER
rucl marc code BD-RjUL
005 - DATE AND TIME OF LATEST TRANSACTION
control field 20211209053239.0
008 - FIXED-LENGTH DATA ELEMENTS--GENERAL INFORMATION
fixed length control field 160504s1998 bg ||||| b||| 00| 0 ben d
020 ## - INTERNATIONAL STANDARD BOOK NUMBER
International Standard Book Number 9843101774
Terms of availability : TK.100.00
035 ## - SYSTEM CONTROL NUMBER
System control number (BD-RjUL)40709
040 ## - CATALOGING SOURCE
Original cataloging agency BD-RjUL
Language of cataloging ben
Transcribing agency BD-RjUL
041 ## - LANGUAGE CODE
Language code of text/sound track or separate title ben
Language code of text/sound track or separate title ara
082 ## - DEWEY DECIMAL CLASSIFICATION NUMBER
Edition number 23
Author mark and year HOT 1998
Classification number 297.122
100 ## - MAIN ENTRY--PERSONAL NAME
Personal name হোসেন, মোহাম্মদ বেলাল
9 (RLIN) 124918
245 10 - TITLE STATEMENT
Title তাইসীরুল কাশশাফ :
Remainder of title সূরাহ্ আল - ফাতিহা /
Statement of responsibility, etc. মোহাম্মদ বেলাল হোসেন ; মো : নিজাম উদ্দীন
260 ## - PUBLICATION, DISTRIBUTION, ETC. (IMPRINT)
Place of publication, distribution, etc. ঢাকা :
Name of publisher, distributor, etc. এদারায়ে কুরআন,
Date of publication, distribution, etc. ১৯৯৮
300 ## - PHYSICAL DESCRIPTION
Pagination ২২১ পৃ. ;
Size ২২ সেমি.
504 ## - BIBLIOGRAPHY, ETC. NOTE
Bibliography, etc গ্রন্থপঞ্জি সংযুক্ত
650 ## - SUBJECT ADDED ENTRY--TOPICAL TERM
Topical term or geographic name as entry element কুরআন
General subdivision সূরাহ আল-ফাতিহা
9 (RLIN) 124926
Topical term or geographic name as entry element Qurʼan
General subdivision Sūrat al-Fātiḥah
9 (RLIN) 124927
700 ## - ADDED ENTRY--PERSONAL NAME
Personal name উদ্দীন, মো : নিজাম
942 ## - ADDED ENTRY ELEMENTS (KOHA)
Source of classification or shelving scheme Dewey Decimal Classification
Koha item type Books
Holdings
Lost status Source of classification or shelving scheme Damaged status Not for loan Collection code Permanent Location Current Location Shelving location Date acquired Source of acquisition Cost, normal purchase price Total Checkouts Full call number Date last seen Date checked out Copy number Koha item type
  Dewey Decimal Classification     Non-fiction Central Library, University of Rajshahi Central Library, University of Rajshahi   13/01/1999 Author 100.00 5 B 297.122 HOT 1998 27/11/2025 02/11/2025 C-2 Books
  Dewey Decimal Classification     Non-fiction Central Library, University of Rajshahi Central Library, University of Rajshahi   13/01/1999 Author 100.00 2 B 297.122 HOT 1998 29/05/2025 27/05/2025 C-3 Books
  Dewey Decimal Classification     Non-fiction Central Library, University of Rajshahi Central Library, University of Rajshahi   13/01/1999 Author 100.00   B 297.122 HOT 1998 08/05/2016   C-4 Books
  Dewey Decimal Classification     Non-fiction Central Library, University of Rajshahi Central Library, University of Rajshahi   13/01/1999 Author 100.00   B 297.122 HOT 1998 08/05/2016   C-5 Books
  Dewey Decimal Classification     Non-fiction Central Library, University of Rajshahi Central Library, University of Rajshahi   13/01/1999 Author 100.00   B 297.122 HOT 1998 08/05/2016   C-6 Books
  Dewey Decimal Classification     Non-fiction Central Library, University of Rajshahi Central Library, University of Rajshahi   13/01/1999 Author 100.00   B 297.122 HOT 1998 08/05/2016   C-7 Books
  Dewey Decimal Classification     Non-fiction Central Library, University of Rajshahi Central Library, University of Rajshahi   13/01/1999 Belal Hosen RU. 100.00   B 297.122 HOT 1998 07/08/2016   C-8 Books
  Dewey Decimal Classification   Not For Loan Non-fiction Central Library, University of Rajshahi Central Library, University of Rajshahi Reading Room 13/01/1999 Ballal Hossian 100.00   B 297.122 HOT 1998 29/01/2017   C-1 Books